Statistics for Countries by Borders in 120 Seconds

Click here to take the quiz!

General Stats

  • This quiz has been taken 71 times
  • The average score is 136 of 157

Answers on the Map

Answers color-coded by a green-red scale on the quiz's map according to % correct below.
 

Answer Stats

Country% Correct
Austria
100%
Azerbaijan
100%
Bangladesh
100%
Belarus
100%
Belgium
100%
Bhutan
100%
Brazil
100%
China
100%
East Timor
100%
Estonia
100%
Finland
100%
France
100%
Georgia
100%
Germany
100%
India
100%
Indonesia
100%
Ireland
100%
Italy
100%
Kazakhstan
100%
Laos
100%
Latvia
100%
Lithuania
100%
Malaysia
100%
Mongolia
100%
Morocco
100%
Myanmar
100%
Nepal
100%
Netherlands
100%
North Korea
100%
Norway
100%
Pakistan
100%
Papua New Guinea
100%
Poland
100%
Portugal
100%
Russia
100%
Slovenia
100%
Spain
100%
Sri Lanka
100%
Suriname
100%
Switzerland
100%
Thailand
100%
Ukraine
100%
United Kingdom
100%
Argentina
93%
Bolivia
93%
Botswana
93%
Cambodia
93%
Canada
93%
Colombia
93%
Denmark
93%
Guyana
93%
Mexico
93%
Mozambique
93%
Paraguay
93%
Peru
93%
San Marino
93%
South Africa
93%
Sweden
93%
Turkey
93%
United States
93%
Uruguay
93%
Vatican City
93%
Venezuela
93%
Vietnam
93%
Zambia
93%
Zimbabwe
93%
Afghanistan
87%
Algeria
87%
Angola
87%
Bulgaria
87%
Central African
Republic
87%
Chad
87%
Czech Republic
87%
Djibouti
87%
D. R. Congo
87%
Ecuador
87%
Egypt
87%
El Salvador
87%
Eritrea
87%
Ethiopia
87%
Greece
87%
Guatemala
87%
Honduras
87%
Hungary
87%
Iran
87%
Kenya
87%
Libya
87%
Luxembourg
87%
Mali
87%
Mauritania
87%
Namibia
87%
Nicaragua
87%
Niger
87%
Nigeria
87%
North Macedonia
87%
Rep. of the Congo
87%
Serbia
87%
Somalia
87%
South Sudan
87%
Sudan
87%
Tanzania
87%
Tunisia
87%
Turkmenistan
87%
Albania
80%
Andorra
80%
Belize
80%
Bosnia and
Herzegovina
80%
Burkina Faso
80%
Cameroon
80%
Chile
80%
Costa Rica
80%
Croatia
80%
Dominican Republic
80%
Eswatini
80%
Ghana
80%
Guinea
80%
Haiti
80%
Ivory Coast
80%
Liberia
80%
Montenegro
80%
Oman
80%
Panama
80%
Romania
80%
Saudi Arabia
80%
Slovakia
80%
Tajikistan
80%
Uzbekistan
80%
Armenia
73%
Benin
73%
Gabon
73%
Iraq
73%
Jordan
73%
Kuwait
73%
Kyrgyzstan
73%
Lesotho
73%
Moldova
73%
Qatar
73%
Senegal
73%
South Korea
73%
Togo
73%
Uganda
73%
United Arab Emirates
73%
Yemen
73%
Burundi
67%
Equatorial Guinea
67%
Guinea-Bissau
67%
Israel
67%
Kosovo
67%
Malawi
67%
Rwanda
67%
Syria
60%
Gambia
53%
Lebanon
53%
Monaco
53%
Sierra Leone
53%
Brunei
40%
Liechtenstein
40%

Score Distribution

Percentile by Number Answered

Percent of People with Each Score

Your Score History

You have not taken this quiz